Networking security and standards

Business Fundamentals of security; Technical Fundamentals of Security; Security Architecture standard; Data Encryption standards; Key management standards; Digital signature standards; Sign - On authentication standard; Directory and certificate standards; Electronic mail standards...

保存先:
書誌詳細
第一著者: Weidong Kou
フォーマット: 図書
言語:Undetermined
出版事項: Boston Kluwer Academic 1997
主題:
タグ: タグ追加
タグなし, このレコードへの初めてのタグを付けませんか!
Thư viện lưu trữ: Trung tâm Học liệu Trường Đại học Cần Thơ
LEADER 00793nam a2200193Ia 4500
001 CTU_23286
008 210402s9999 xx 000 0 und d
082 |a 005.8 
082 |b K88 
100 |a Weidong Kou 
245 0 |a Networking security and standards 
245 0 |c Weidong Kou 
260 |a Boston 
260 |b Kluwer Academic 
260 |c 1997 
520 |a Business Fundamentals of security; Technical Fundamentals of Security; Security Architecture standard; Data Encryption standards; Key management standards; Digital signature standards; Sign - On authentication standard; Directory and certificate standards; Electronic mail standards... 
650 |a firewall,network security,standards 
904 |i Quyên,980521 
980 |a Trung tâm Học liệu Trường Đại học Cần Thơ